Drapeaux du monde par ordre alphabétique - Statistiques

Statistiques générales
  • Ce quiz a été pris 541 fois
  • Le résultat moyen est 126 sur 196
Statistiques - réponses
Par images Réponse % Correct
Allemagne
100%
Afrique du Sud
98%
Algérie
98%
Albanie
95%
Argentine
94%
Brésil
92%
Arabie Saoudite
91%
Australie
91%
Belgique
91%
Canada
91%
Chine
90%
Corée du Sud
89%
Autriche
87%
France
87%
Espagne
86%
Arménie
85%
Chypre
85%
Grèce
85%
Andorre
84%
Croatie
84%
Égypte
84%
Finlande
84%
Italie
84%
Japon
84%
Angola
83%
Bangladesh
83%
Cameroun
82%
Corée du Nord
82%
Danemark
82%
États-Unis
82%
Côte d'Ivoire
81%
Israël
81%
Jamaïque
81%
Chili
80%
Estonie
80%
Maroc
80%
Afghanistan
79%
Bulgarie
79%
Géorgie
79%
Inde
79%
Irlande
79%
Liban
79%
Mexique
78%
Portugal
78%
Colombie
77%
Islande
77%
Bosnie-Herzégovine
76%
Irak
76%
Kenya
76%
Cambodge
75%
Indonésie
75%
Iran
75%
Macédoine du Nord
75%
Azerbaïdjan
74%
Ghana
74%
Pologne
74%
Royaume-Uni
74%
Bhoutan
73%
Cuba
73%
Équateur
73%
Éthiopie
73%
Monaco
73%
Népal
73%
Norvège
73%
Nouvelle-Zélande
73%
Luxembourg
72%
Suisse
72%
Bénin
71%
Kazakhstan
71%
Kosovo
71%
Qatar
71%
Roumanie
71%
Russie
71%
Bahreïn
70%
Malte
70%
Suède
70%
Biélorussie
69%
Émirats Arabes Unis
69%
Hongrie
69%
Jordanie
69%
Fidji
68%
Gabon
68%
Nigéria
68%
Antigua
67%
Comores
67%
Laos
67%
Lettonie
67%
Madagascar
67%
Pakistan
67%
Costa Rica
66%
Pays-Bas
66%
Tunisie
66%
Barbade
65%
Malaisie
65%
Turquie
65%
Bahamas
64%
Mali
64%
Pérou
64%
République Tchèque
64%
Slovénie
64%
Ukraine
64%
Burkina Fasso
63%
Guatemala
63%
Lituanie
63%
Moldavie
63%
Serbie
63%
Slovaquie
63%
Djibouti
62%
Guinée
62%
Panama
62%
Uruguay
62%
Niger
61%
Cap-Vert
60%
Haïti
60%
Honduras
60%
Liechtenstein
60%
Mauritanie
60%
République Démocratique du Congo
60%
Vatican
60%
Vietnam
60%
Birmanie
59%
Eswatini
59%
Bélize
58%
Sénégal
58%
Seychelles
58%
Sri Lanka
58%
Érythrée
57%
Libéria
57%
Monténégro
57%
Ouganda
57%
Saint-Marin
57%
Botswana
56%
Libye
56%
Ouzbékistan
56%
Palaos
56%
République Dominicaine
56%
Somalie
56%
Venezuela
56%
Koweït
55%
Nicaragua
55%
Philippines
54%
Singapour
54%
Syrie
54%
Thaïlande
54%
Guinée Équatoriale
53%
Kirghizistan
53%
Mozambique
53%
Papouasie-Nouvelle-Guinée
53%
Gambie
52%
Mongolie
52%
Paraguay
52%
Bolivie
51%
Burundi
51%
Guinée-Bissau
51%
Yémen
51%
Zimbabwe
51%
Brunei
50%
Dominique
50%
République Centrafricaine
50%
Sainte-Lucie
50%
Maldives
49%
République du Congo
49%
Rwanda
49%
États Fédérés de Micronésie
48%
Grenade
48%
Kiribati
48%
Lesotho
48%
Oman
47%
Soudan
47%
Malawi
46%
Maurice
46%
Tchad
46%
Zambie
46%
Soudan du Sud
45%
Turkménistan
45%
Tanzanie
44%
Togo
44%
Taïwan
43%
Îles Marshall
42%
Nauru
42%
Tonga
42%
Guyana
41%
Namibie
41%
Suriname
41%
Saint-Vincent-et-les-Grenadines
39%
Tadjikistan
39%
Salvador
37%
Tuvalu
37%
Saint-Christophe-et-Niévès
36%
Samoa
36%
Vanuatu
36%
Îles Salomon
35%
Sierra Leone
35%
Trinité-et-Tobago
35%
Sao Tomé-et-Principe
31%
Timor Oriental
31%
Aucun quiz correspondant
Distribution des résultats
% des personnes avec chaque résultat
Percentile par nombre de réponses
Votre historique - résultats
Vous n’avez pas pris ce quiz